África en América Latina / (Record no. 7097)

MARC details
000 -LEADER
campo de control de longitud fija 00883cam a2200277 i 4500
001 - NÚMERO DE CONTROL
campo de control 107056
005 - FECHA Y HORA DE LA ÚLTIMA TRANSACCIÓN
campo de control 20230404125915.0
008 - DATOS DE LONGITUD FIJA--INFORMACIÓN GENERAL
campo de control de longitud fija 120530b2006 mx 000 0 spa
020 ## - NÚMERO INTERNACIONAL ESTÁNDAR DEL LIBRO
Número Internacional Estándar del Libro 9682306264
050 14 - SIGNATURA TOPOGRÁFICA DE LA BIBLIOTECA DEL CONGRESO
Número de clasificación 100 F 1419
Número de ítem M843a 2006
082 00 - NÚMERO DE LA CLASIFICACIÓN DECIMAL DEWEY
Número de clasificación 301.45
100 2# - ENTRADA PRINCIPAL--NOMBRE DE PERSONA
Nombre de persona Moreno Fraginals, Manuel,
Fechas asociadas al nombre 1920-
245 10 - MENCIÓN DEL TÍTULO
Título África en América Latina /
Mención de responsabilidad, etc. relator, Manuel Moreno Fraginals.
250 ## - MENCION DE EDICION
Mención de edición 4a ed.
260 ## - PUBLICACIÓN, DISTRIBUCIÓN, ETC.
Lugar de publicación, distribución, etc. México :
Nombre del editor, distribuidor, etc. Unesco, Siglo Veintiuno Editores,
Fecha de publicación, distribución, etc. 2006
300 ## - DESCRIPCIÓN FÍSICA
Extensión 436 p. ;
Dimensiones 23cm.
490 1# - MENCIÓN DE SERIE
Mención de serie El mundo en América Latina
504 ## - NOTA DE BIBLIOGRAFÍA, ETC.
Nota de bibliografía, etc. Incluye bibliografia e indice.
650 #0 - PUNTO DE ACCESO ADICIONAL DE MATERIA--TÉRMINO DE MATERIA
Término de materia o nombre geográfico como elemento de entrada Blacks
Subdivisión geográfica Latin America.
651 #0 - PUNTO DE ACCESO ADICIONAL DE MATERIA--NOMBRE GEOGRÁFICO
Nombre geográfico Latin America
Subdivisión general Civilization
-- African influences.
650 #4 - PUNTO DE ACCESO ADICIONAL DE MATERIA--TÉRMINO DE MATERIA
Término de materia o nombre geográfico como elemento de entrada Negros
Subdivisión geográfica América Latina.
650 #4 - PUNTO DE ACCESO ADICIONAL DE MATERIA--TÉRMINO DE MATERIA
Término de materia o nombre geográfico como elemento de entrada Esclavitud en América Latina.
650 #4 - PUNTO DE ACCESO ADICIONAL DE MATERIA--TÉRMINO DE MATERIA
Término de materia o nombre geográfico como elemento de entrada Negros
Subdivisión general Condiciones sociales
Subdivisión geográfica América Latina.
942 ## - ELEMENTOS DE ENTRADA SECUNDARIOS (KOHA)
Fuente del sistema de clasificación o colocación Clasificación de Library of Congress
Tipo de ítem Koha
946 ## - PROCESAMIENTO DE INFORMACIÓN LOCAL (OCLC)
a SH
Holdings
Estatus retirado Estado de pérdida Fuente del sistema de clasificación o colocación Estado de daño No para préstamo Colección Biblioteca de origen Biblioteca actual Ubicación en estantería Fecha de adquisición Serial enumeration / chronology Total checkouts Signatura topográfica completa Código de barras Visto por última vez Copia número Precio de reemplazo Tipo de ítem Koha
    Clasificación de Library of Congress     Recursos Regionales Biblioteca Juan Bosch Biblioteca Juan Bosch Recursos Regionales (2do. Piso) 04/04/2023 1   100 F 1419 M843a 2006 00000096170 23/10/2018 1 23/10/2018